Vyhlídky světového hospodářství v 90. letech.

Desať prognóz vývoja svetového hospodárstva v 90. rokoch - vyššie úrokové sadzby; vyššia miera inflácie; postrádanie hospodárskej recesie; nečakané zmeny na devízových trhoch; zhoršovanie postavenia rozvojových krajín; možnosť hospodárskej konfrontácie najdôležitejších priemyselných mocností; novout...

Descrizione completa

Salvato in:
Dettagli Bibliografici
Autore principale: Bayer, A.
Natura: Capitolo di libro
Lingua:ceco
Soggetti:
Tags: Aggiungi Tag
Nessun Tag, puoi essere il primo ad aggiungerne!!

MARC

LEADER 00000naa a2200000 4500
001 r003511
005 20221125081251.4
041 0 |a cze 
044 |a [CS] 
245 1 0 |a Vyhlídky světového hospodářství v 90. letech.  |c A. Bayer 
520 |a Desať prognóz vývoja svetového hospodárstva v 90. rokoch - vyššie úrokové sadzby; vyššia miera inflácie; postrádanie hospodárskej recesie; nečakané zmeny na devízových trhoch; zhoršovanie postavenia rozvojových krajín; možnosť hospodárskej konfrontácie najdôležitejších priemyselných mocností; novoutváranie systému GATT; nerovnomerný ekonomický rast v Európe; možnosť konkurencie s Japonskom: silnejšie hospodárske postavenie USA. 
610 2 0 |a prognózy hospodárske 
610 2 0 |a hospodárstvo svetové 
610 2 0 |a 1990-2000 
610 2 0 |a rast hospodársky nerovnovážny 
610 2 0 |a krajiny rozvojové 
610 2 0 |a GATT 
610 2 0 |a Európa 
610 2 0 |a Japonsko 
610 2 0 |a USA 
100 1 |a Bayer, A.